000 00384cam a22001694a 4500
005 20250605163536.0
008 250528s ||||||||||||||||||||||||d
035 _a21414
040 _aGR-AtMCL
_bgre
_dGR-AtMCL
_eAACR2
245 1 _aGW-BASIC V3.2
250 _a1
260 _bMicrosoft Corporation,
_c1986
300 _a274
942 _cBK
999 _c6476
_d6476